| Tag |
First Indicator |
Second Indicator |
Subfields |
| LEADER |
00000cgm a2200000 i 4500 |
| 001 |
in00003587313 |
| 006 |
m o c |
| 007 |
vz uzazuu |
| 007 |
cr una---unuuu |
| 008 |
140704p20142005cau013 o vleng d |
| 005 |
20260324164000.5 |
| 028 |
5 |
2 |
|a 1042956
|b Kanopy
|
| 035 |
|
|
|a (OCoLC)897765964
|
| 035 |
|
|
|a (CaSfKAN)kan1042956
|
| 040 |
|
|
|a NZEN
|c NZEN
|e rda
|d UtOrBLW
|
| 245 |
0 |
0 |
|a Why we eat what we eat.
|
| 264 |
|
1 |
|a [San Francisco, California, USA] :
|b Kanopy Streaming,
|c 2014.
|
| 300 |
|
|
|a 1 online resource (1 video file, 13 min. 52 sec.) :
|b digital, stereo., sound, color
|
| 336 |
|
|
|a two-dimensional moving image
|b tdi
|2 rdacontent
|
| 337 |
|
|
|a computer
|b c
|2 rdamedia
|
| 338 |
|
|
|a online resource
|b cr
|2 rdacarrier
|
| 344 |
|
|
|a digital
|
| 347 |
|
|
|a video file
|b MPEG-4
|b Flash
|
| 518 |
|
|
|a Originally produced by Learning Zone Express in 2005.
|
| 520 |
|
|
|a The student council members at Jefferson High School decide to throw a Great Food Adventure buffet. As all kinds of different foods arrive, the students realize that they have different tastes and a variety of reasons for choosing the foods that they eat. Some of the reasons presented include: hunger, taste, culture, religion, emotions, advertising, and a healthy lifestyle. Teach your students about the factors the influence their food choices with this enlightening video.--Kanopy.
|
| 534 |
|
|
|p Originally produced
|c [United States, Learning ZoneXpress, 2005]
|
| 538 |
|
|
|a Mode of access: World Wide Web.
|
| 650 |
|
0 |
|a Food preferences.
|0 http://id.loc.gov/authorities/subjects/sh85050304
|
| 650 |
|
0 |
|a Food habits.
|0 http://id.loc.gov/authorities/subjects/sh85050275
|
| 650 |
|
0 |
|a Diet.
|0 http://id.loc.gov/authorities/names/n90656536
|
| 650 |
|
0 |
|a Nutrition
|x Psychological aspects.
|0 http://id.loc.gov/authorities/subjects/sh85093455
|
| 655 |
|
7 |
|a Internet videos.
|2 lcgft
|0 http://id.loc.gov/authorities/genreForms/gf2011026337
|
| 655 |
|
7 |
|a Nonfiction films.
|2 lcgft
|0 http://id.loc.gov/authorities/genreForms/gf2011026423
|
| 710 |
2 |
|
|a Kanopy (Firm)
|0 http://id.loc.gov/authorities/names/no2014091415
|
| 856 |
4 |
0 |
|u http://proxy.library.tamu.edu/login?url=https://texasam.kanopystreaming.com/node/42957
|z Connect to this streaming video
|t 0
|
| 999 |
f |
f |
|s fec11402-5136-3476-945c-426a014705b5
|i 2a8762f8-cf31-378c-bdfe-8d2045052b8b
|t 0
|
| 952 |
f |
f |
|a Texas A&M University
|b College Station
|c Electronic Resources
|s www_evans
|d Available Online
|t 0
|h No information provided
|
| 998 |
f |
f |
|t 0
|l Available Online
|